| 000 | 00526nam a2200181Ia 4500 | ||
|---|---|---|---|
| 008 | 240729s9999 xx 000 0 und d | ||
| 022 | _a2797-7501 | ||
| 245 | 0 | _aKnowbase | |
| 260 | _aIndonesia | ||
| 260 | _bUniversitas Islam Negeri Sjech M. Djamil Djambek Bukittinggi | ||
| 650 | _a Electronic computers. Computer science | ||
| 650 | _a Instruments and machines | ||
| 650 | _a Mathematics | ||
| 650 | _aScience | ||
| 856 | _uhttps://doaj.org/toc/730eb6c930664ee38adc7939a39d045d | ||
| 942 | _2ddc | ||
| 942 | _cDOAJEJ | ||
| 999 |
_c67537 _d67537 |
||
| 945 |
_a1 _bMadushi Gamage _c1 _dMadushi Gamage |
||